000 00561cam a22002171 4500
001 ne 68002976
003 DLC
005 20260227111845.0
008 890108s1967 xx 000 0 ara
010 _ane 68002976
035 _a(OCoLC)23523670
040 _aDLC
_cMiU
_dDLC
043 _aa-iq---
050 0 0 _aHF3861.I7
_bH3
100 1 _aḤabīb, ʻAbd al-Raḥmān.
245 1 0 _aMuḥādarāt fī taṭawwur tijārat al-Irāq al-khārijīyah.
260 _c1967.
300 _a193 p.
_c25 cm.
500 _aRomanized.
651 0 _aIraq
_xCommerce.
999 _c50644
_d50644